| 000 | 00933cab a22001935a 4500 | ||
|---|---|---|---|
| 001 | L139937 | ||
| 008 | 070821s2007 xxkd f s 000 0 eng d | ||
| 035 | _a(Sirsi) u139937 | ||
| 041 | 0 | _aeng | |
| 100 | 1 | _aHall, Matthew | |
| 245 | 0 | 0 |
_aBristol _bthe difference half a year can make |
| 260 | _c2007 | ||
| 490 | 0 |
_aProperty Forecast _vJuly 2007, 10-11(2) |
|
| 520 | _aReports on investment in the Bristol office market. Notes that Bristol continues to be one of the regional centres achieving the highest levels of office rental growth, although the strength of the London office investment market means that regional centres like Bristol suffer a lack of overseas interest. Graphs show Bristol City centre prime rents, office yield outlook, and average prime office yields versus five year swap rates. | ||
| 590 | _aKA | ||
| 651 | 4 | _aBristol | |
| 690 | _aPROPERTY-COMMERCIAL PROPERTY-COMMERCIAL PROPERTY MARKET | ||
| 942 | _n0 | ||
| 999 |
_c79137 _d79137 |
||